The Use of organofunctional silanes for bonding rubber to metals (Record no. 71136)

MARC details
000 -LEADER
fixed length control field 00483nam a2200133Ia 4500
100 ## - MAIN ENTRY--AUTHOR NAME
Personal name Ooij Wim J van
245 #4 - TITLE STATEMENT
Title The Use of organofunctional silanes for bonding rubber to metals
260 ## - PUBLICATION, DISTRIBUTION, ETC. (IMPRINT)
Name of publisher International Conference and Exhibition on Rubber and Allied Materials Asia Rub Tech Expo 2002. 28-30 November 2002, New Delhi. pp.241-246.
650 ## - SUBJECT ADDED ENTRY--TOPICAL TERM
Topical Term Bonding
700 ## - ADDED ENTRY--PERSONAL NAME
Personal name Jayaseelan Senthil K
700 ## - ADDED ENTRY--PERSONAL NAME
Personal name Stacy Matt
942 ## - ADDED ENTRY ELEMENTS (KOHA)
Koha item type Journals
Holdings
Withdrawn status Lost status Damaged status Not for loan Home library Current library Shelving location Date acquired Koha item type
      Journals RRII Library RRII Library Rubber chemistry 17/12/2021 Journals